| 000 | 02320cam a22003254a 4500 | ||
|---|---|---|---|
| 001 | 13731435 | ||
| 005 | 20070514134031.0 | ||
| 008 | 040927s2005 enk b 001 0deng | ||
| 010 | _a 2004022650 | ||
| 020 | _a0199255709 (pbk. : alk. paper) | ||
| 020 | _a9780199255702 (pbk. : alk. paper) | ||
| 040 |
_aDLC _cDLC _dDLC |
||
| 042 | _apcc | ||
| 050 | 0 | 0 |
_aH61 _b.M574 2005 |
| 082 | 0 | 0 |
_a300.1 _222 _bMOD |
| 245 | 0 | 0 |
_aModern Social Theory : _bAn Introduction / _cEdited by Austin Harrington. |
| 260 |
_aOxford ; _aNew York : _bOxford University Press, 2005 _c2005. |
||
| 300 |
_axxi, 378 p. ; _c25 cm. |
||
| 504 | _aIncludes bibliographical references (p. [345]-364) and index. | ||
| 505 | 0 | _aClassical social theory, I: contexts and beginnings / Austin Harrington -- Classical social theory, II: Karl Marx and E�mile Durkheim / Antonino Palumbo and Alan Scott -- Classical social theory, III: Max Weber and Georg Simmel / Gianfranco Poggi -- Functionalism and its critics / John Holmwood -- Interpretativism and interactionism / William Outhwaite -- Historical social theory / Dennis Smith -- Western Marxism / Douglas Kellner -- Psychoanalytic social theory / Anthony Elliott -- Structuralism and post-structuralism / Samantha Ashenden -- Structure and agency / Anthony King -- Feminist social theory / Lisa Adkins -- Modernity and postmodernity: part I / Barry Smart -- Modernity and postmodernity: part II / Gerard Delanty -- Globalization / Robert Holton -- Conclution: Social theory for the twenty-first century / Austin Harrington. | |
| 650 | 0 |
_aSocial sciences _xPhilosophy. _924734 |
|
| 653 |
_bPol _cMay2011 |
||
| 700 | 1 |
_aHarrington, Austin, _d1970- _eedt _924735 |
|
| 856 | 4 | 1 |
_3Table of contents only _uhttp://www.loc.gov/catdir/toc/ecip051/2004022650.html |
| 856 | 4 | 2 |
_3Publisher description _uhttp://www.loc.gov/catdir/enhancements/fy0617/2004022650-d.html |
| 856 | 4 | 2 |
_3Contributor biographical information _uhttp://www.loc.gov/catdir/enhancements/fy0723/2004022650-b.html |
| 942 |
_2ddc _cBB |
||
| 999 |
_c15548 _d15548 |
||